000
00395nam a2200145Ia 4500
008
230917s9999||||xx |||||||||||||| ||und||
040
_e
177159
_a
MAIN
041
_a
English
082
_a
891.432741 SK64G
100
_a
कुंवरबहादुर सिंह
245
0
_a
गुलेल
260
_a
दिल्ली
_b
निधि
_c
1981
300
_a
97 पृ. p.
942
_c
HN
999
_c
224414
_d
224414